000 00241 a2200097 4500
000 nam a22 7a 4500
005 20260129165927.0
100 _aFeynman, Richard
_91112836
245 _aSurely You’re Joking, Mr. Feynman
942 _cTEXL
999 _c1678383
_d1678383